<U+00BF>Can we effectively and cleanly produce heavy oil resources?
Para entender si el petrl̤eo pesado de hecho parece tan malo como el carbn̤, hablamos con Adam Brandt, un joven cientf̕ico de la Universidad de Berkeley sobre el anl̀isis de su ciclo de vida con los aceites pesados.
Shranjeno v:
| Drugi avtorji: | , |
|---|---|
| Format: | Knjiga |
| Jezik: | angleščina |
| Teme: | |
| Online dostop: | <U+00BF>Can we effectively and cleanly produce heavy oil resources? |
| Oznake: |
Označite
Brez oznak, prvi označite!
|
MARC
| LEADER | 00000nam a22000004a 4500 | ||
|---|---|---|---|
| 001 | vpro11735 | ||
| 005 | 20201223000000.0 | ||
| 008 | 170518s2017 ck # g## #001 0#eng#d | ||
| 020 | |||
| 022 | |||
| 040 | |a CO-BoINGC | ||
| 041 | 0 | |a eng | |
| 245 | 1 | 0 | |a <U+00BF>Can we effectively and cleanly produce heavy oil resources? |
| 246 | |a <U+00BF>Podemos producir crudo pesado de manera efectiva y limpia? | ||
| 264 | |a Bogot ̀(Colombia) : |b Revista VirtualPRO, |c 2017 | ||
| 520 | 3 | |a Para entender si el petrl̤eo pesado de hecho parece tan malo como el carbn̤, hablamos con Adam Brandt, un joven cientf̕ico de la Universidad de Berkeley sobre el anl̀isis de su ciclo de vida con los aceites pesados. | |
| 650 | \ | \ | |a Industria del petrl̤eo |
| 650 | \ | \ | |a Tecnologa̕ del petrl̤eo |
| 650 | \ | \ | |a Petroleum industry |
| 650 | \ | \ | |a Petroleum technology |
| 650 | \ | \ | |a petrl̤eo |
| 650 | \ | \ | |a crudos pesados |
| 650 | \ | \ | |a aceites pesados |
| 650 | \ | \ | |a petroleum |
| 650 | \ | \ | |a heavy crude oil |
| 650 | \ | \ | |a heavy oils |
| 700 | \ | \ | |a Gerritsen Margot |
| 700 | \ | \ | |a Smartenergy. |
| 856 | |z <U+00BF>Can we effectively and cleanly produce heavy oil resources? |u https://virtualpro.unach.elogim.com/biblioteca/-podemos-producir-crudo-pesado-de-manera-efectiva-y-limpia- | ||